Southville International School and Colleges
Your cart is empty.
  • Cart
  • Lists
    Public lists Eva Luna New books Lux_list list_1
    Your lists Log in to create your own lists
  • Log in to your account
  • Your cookies
  • Search history
Southville International School and Colleges
  • Advanced search
  • Recent comments
  • Most popular
  • Libraries

Log in to your account

Log in with GOOGLE


If you do not have an external account, but do have a local account, you can still log in:

  1. Home
  2. MARC view: Accounting principles 3
Normal view MARC view ISBD view

Accounting principles 3 (Record no. 365114)

[ view plain ]
MARC details
000 -LEADER
fixed length control field 00493nam a22001817a 4500
003 - CONTROL NUMBER IDENTIFIER
control field 0
005 - DATE AND TIME OF LATEST TRANSACTION
control field 20230810143325.0
008 - FIXED-LENGTH DATA ELEMENTS--GENERAL INFORMATION
fixed length control field 230810b xxu||||| |||| 00| 0 eng d
020 ## - INTERNATIONAL STANDARD BOOK NUMBER
International Standard Book Number 971-08-6854-3
050 ## - LIBRARY OF CONGRESS CALL NUMBER
Classification number HF 5635
Item number .H47 2007
100 ## - MAIN ENTRY--PERSONAL NAME
Personal name Herrero, Carmen
245 ## - TITLE STATEMENT
Title Accounting principles 3
Statement of responsibility, etc Carmen C. Herrero
250 ## - EDITION STATEMENT
Edition statement Fourth edition
260 ## - PUBLICATION, DISTRIBUTION, ETC. (IMPRINT)
Place of publication, distribution, etc Mandaluyong City
Name of publisher, distributor, etc National Book Store
Date of publication, distribution, etc 2007
300 ## - PHYSICAL DESCRIPTION
Extent 257 p.
Other physical details ill.
Dimensions 25 cm.
650 ## - SUBJECT ADDED ENTRY--TOPICAL TERM
Topical term or geographic name as entry element Accounting.
942 ## - ADDED ENTRY ELEMENTS (KOHA)
Source of classification or shelving scheme Library of Congress Classification
Koha item type Books
Holdings
Withdrawn status Lost status Source of classification or shelving scheme Damaged status Home library Current library Shelving location Date acquired Source of acquisition Sub Shelving location Total Checkouts Full call number Barcode Date last seen Price effective from Koha item type
    Library of Congress Classification   College Library College Library Filipiniana Section 08/10/2023 Donation     HF 5635 .H47 2007 C22852 08/10/2023 08/10/2023 Books

Accounting principles 3

APA

Herrero C., . (2007). Accounting principles 3. Mandaluyong City: National Book Store.

Chicago

Herrero Carmen, . 2007. Accounting principles 3. Mandaluyong City: National Book Store.

Harvard

Herrero C., . (2007). Accounting principles 3. Mandaluyong City: National Book Store.

MLA

Herrero Carmen, . Accounting principles 3. Mandaluyong City: National Book Store. 2007.

  • Place hold
  • Print
  • Cite
  • Add to your cart (remove)
  • Save record
    BIBTEX Dublin Core MARCXML MARC (non-Unicode/MARC-8) MARC (Unicode/UTF-8) MARC (Unicode/UTF-8, Standard) MODS (XML) RIS
  • More searches
    Search for this title in:
    Other Libraries (WorldCat) Other Databases (Google Scholar) Online Stores (Bookfinder.com) Open Library (openlibrary.org)

Exporting to Dublin Core...

SOUTHVILLE LIBRARY

Southville International School and Colleges Library

1281 Tropical Ave. Cor. Luxembourg St., BF Homes International, Las Pinas City

Tel. No. 8256374 / 252358 Loc. 117/146

Powered by Koha